Statistics for cities that start with the letter A with at least 100k people

Click here to take the quiz!

General Stats

  • This quiz has been taken 18 times
  • The average score is 45 of 282

Answer Stats

Answer% Correct
Atlanta
82%
Austin
82%
Addis Ababa
76%
Algiers
76%
Amman
76%
Ankara
76%
Athens
76%
Aberdeen
71%
Accra
71%
Alexandria
71%
Amsterdam
71%
Auckland
71%
Abidjan
65%
Abuja
65%
Adelaide
65%
Agra
65%
Ahmedabad
65%
Anchorage
65%
Arlington
65%
Aleppo
59%
Almaty
59%
Ashgabat
59%
Asuncion
59%
Aachen
53%
Abu Dhabi
53%
Amarillo
53%
Antananarivo
53%
Asmara
53%
Aalborg
47%
Alicante
47%
Allahabad
47%
Allentown
47%
Antalya
47%
Arequipa
47%
Abilene
41%
Albuquerque
41%
Anaheim
41%
Agadir
35%
Akron
35%
Arhus
35%
Arkhangel'sk
35%
Astrakhan
35%
Aba
29%
A Coruna
29%
Adana
29%
Almeria
29%
Ann Arbor
29%
Arvada
29%
Aurora
29%
Abbottabad
24%
Aden
24%
Ahvaz
24%
Alcobendas
24%
Amiens
24%
Amritsar
24%
Angers
24%
Anshan
24%
Antioch
24%
Antwerpen
24%
Augsburg
24%
Agadez
18%
Aguascalientes
18%
Aix-en-Provence
18%
Ajax
18%
Alcala de Henares
18%
Alcorcon
18%
Aligarh
18%
Anqing
18%
Antakya
18%
Antofagasta
18%
Anyang
18%
Aracaju
18%
Armavir
18%
Aswan
18%
Aurangabad
18%
Abadan
12%
Abbotsford
12%
Abobo
12%
Abu Ghurayb
12%
Acapulco de Juarez
12%
Akita
12%
Aktobe
12%
Akure
12%
Al Bab
12%
Alchevsk
12%
Algeciras
12%
Alhambra
12%
Al Hudaydah
12%
Al'met'yevsk
12%
Altay
12%
Amadora
12%
Ambur
12%
Amersfoort
12%
Amherst
12%
Amravati
12%
Ananindeua
12%
Anda
12%
Angeles City
12%
Ankang
12%
Annaba
12%
Anshun
12%
Apeldoorn
12%
Arad
12%
Arar
12%
Archway
12%
Argenteuil
12%
Arica
12%
Arnhem
12%
Arrah
12%
Arusha
12%
Arzamas
12%
Asansol
12%
Assis
12%
Abakaliki
6%
Abakan
6%
Abha
6%
Abohar
6%
Abomey-Calavi
6%
Abu Kabir
6%
Acarigua
6%
Acheng
6%
Achinsk
6%
Acilia-Castel Fusano-Ostia Antica
6%
Ad-Damazin
6%
Adilabad
6%
Adiwerna
6%
Ado-Ekiti
6%
Adoni
6%
Afyonkarahisar
6%
Agartala
6%
Ahmadpur East
6%
Ain Beida
6%
Ain Oussera
6%
Airoli
6%
Aizawl
6%
Ajdabiya
6%
Ajmer
6%
Akademicheskoe
6%
Akola
6%
Aksaray
6%
Al Ajaylat
6%
Alamar
6%
Alandur
6%
Albacete
6%
Al Basrah al Qadimah
6%
Alberton
6%
Al Faw
6%
Al Hillah
6%
Al Hufuf
6%
Al Jadid
6%
Al Kharj
6%
Al Kut
6%
Al Manaqil
6%
Al Mawsil al Jadidah
6%
Almere Stad
6%
Al Mubarraz
6%
Al Qadarif
6%
Altona
6%
Alvaro Obregon
6%
Amagasaki
6%
Amaigbo
6%
Amarnath
6%
Ambala
6%
Ambato
6%
Ambattur
6%
Ambon
6%
Americana
6%
Amol
6%
Amroha
6%
Anaco
6%
Anand
6%
Anantapur
6%
Anapolis
6%
Anderlecht
6%
Andijon
6%
Angra dos Reis
6%
Angren
6%
Anjo
6%
An Nuhud
6%
Anqiu
6%
Ansan-si
6%
Antipolo
6%
Antsirabe
6%
Anyama
6%
Aparecida de Goiania
6%
Apopa
6%
Arak
6%
Aral
6%
Arapiraca
6%
Araraquara
6%
Araucaria
6%
Arish
6%
Arjawinangun
6%
Ar Raqqah
6%
Arroyo Naranjo
6%
Artem
6%
Asahikawa
6%
Asaka
6%
Ashikaga
6%
Ashkelon
6%
Ashoknagar Kalyangarh
6%
As Samawah
6%
As Sulaymaniyah
6%
As Suwayq
6%
Astanajapura
6%
Astoria
6%
Asyut
6%
Atani
6%
Atasehir
6%
Atbara
6%
Atsiaman
6%
Atyrau
6%
Awka
6%
Aydin
6%
Azadshahr
6%
Azare
6%
Azcapotzalco
6%
Az Zubayr
6%
Abengourou
0%
Abeokuta
0%
Abiko
0%
Achalpur
0%
Adapazari
0%
Ad Diwaniyah
0%
Adiyaman
0%
Admiralteisky
0%
Ageoshimo
0%
Ahmadnagar
0%
Ajman City
0%
Akashi
0%
Aksu
0%
Alagoinhas
0%
Al Ahmadi
0%
Al 'Amarah
0%
Alanya
0%
Alappuzha
0%
Al Fayyum
0%
Al Hawamidiyah
0%
Al Hoceima
0%
Al Jubayl
0%
Al Jumayl
0%
Al Khums
0%
Al Mahallah al Kubra
0%
Al Mansurah
0%
Al Minya
0%
Alor Setar
0%
Alto Barinas
0%
Alto Hospicio
0%
Alvorada
0%
Alwar
0%
Amaravati
0%
Ampang
0%
Anbu
0%
Andong
0%
Angarsk
0%
Anliu
0%
Anning
0%
Anyang-si
0%
Aomori
0%
Apucarana
0%
Aracatuba
0%
Araguaina
0%
Araras
0%
Araruama
0%
Araure
0%
Ardabil
0%
Arganzuela
0%
Armenia
0%
Arnavutkoey
0%
Ar Rayyan
0%
Ashdod
0%
As Salimiyah
0%
Atibaia
0%
Atsugi
0%
Avadi
0%
Ayacucho
0%
Azamgarh
0%
Az Zawiyah
0%

Score Distribution

Percentile by Number Answered

Percent of People with Each Score

Your Score History

You have not taken this quiz